Carregando...

Autoethnography : process, product and possibility for critical social research

Autoethnography: Process, Product, and Possibility for Critical Social Research by Sherick A. Hughes and Julie L. Pennington provides a short introduction to the methodological tools and concepts of autoethnography, combining theoretical approaches with practical "how to" information. Writ...

ver descrição completa

Detalhes bibliográficos
Autor principal: Hughes, Sherick A
Outros Autores: Pennington, Julie L
Formato: Printed Book
Publicado em: Los Angeles Sage 2017
Assuntos:
LEADER 01216cam a22001814i 4500
020 |a 9781483306766 (pbk. : alk. paper) 
082 0 0 |a 305.42  |b HUG/A 
100 1 |a Hughes, Sherick A 
245 1 0 |a Autoethnography : process, product and possibility for critical social research 
260 |a Los Angeles  |b Sage  |c 2017 
300 |a xxv, 245 p. 
520 |a Autoethnography: Process, Product, and Possibility for Critical Social Research by Sherick A. Hughes and Julie L. Pennington provides a short introduction to the methodological tools and concepts of autoethnography, combining theoretical approaches with practical "how to" information. Written for social science students, teachers, teacher educators, and educational researchers, the text shows readers how autoethnographers collect, analyze, and report data. With its grounding in critical social theory and inclusion of innovative methods, this practical resource will move the field of autoethnography forward. 
650 0 |a Ethnology 
650 0 |a Ethnology 
700 1 |a Pennington, Julie L 
942 |c BK 
999 |c 59922  |d 59922 
952 |0 0  |1 0  |4 0  |6 305_420000000000000_HUG_A  |7 0  |9 67073  |a KUCL  |c Stack  |d 2020-11-20  |g 50.00  |l 0  |o 305.42 HUG/A  |p 51261  |r 2020-11-20  |w 2020-11-20  |y BK